000 01179nam a2200301 a 4500
001 ebr10413286
003 CaPaEBR
006 m u
007 cr cn|||||||||
008 101012s2009 ua sb 001 0 eng d
020 _z9789774162176
020 _z977416217X
020 _z9781936190621 (e-book)
040 _aCaPaEBR
_cCaPaEBR
035 _a(OCoLC)680623871
043 _af-ua---
050 1 4 _aHC830
_b.F37 2009eb
100 1 _aFarah, Nadia Ramsis.
245 1 0 _aEgypt's political economy
_h[electronic resource] :
_bpower relations in development /
_cNadia Ramsis Farah.
260 _aCairo :
_bAmerican University in Cairo Press,
_c2009.
300 _avi, 198 p.
504 _aIncludes bibliographical references (p. 173-188) and index.
533 _aElectronic reproduction.
_bPalo Alto, Calif. :
_cebrary,
_d2010.
_nAvailable via World Wide Web.
_nAccess may be limited to ebrary affiliated libraries.
651 0 _aEgypt
_xEconomic conditions.
655 7 _aElectronic books.
_2local
710 2 _aebrary, Inc.
856 4 0 _uhttp://site.ebrary.com/lib/rucke/Doc?id=10413286
_zAn electronic book accessible through the World Wide Web; click to view
999 _c189447
_d189447